Jak využívat controlling v marketingu?

Anglický a americký pojmový rozdiel medzi slovami "to manage" a "to controll". Päť typov definícii controllingu. Vzťah medzi controllingom a metódou BSC. Využitie a ciele controllingu v marketingovej praxi. Odborníci na controlling a metódy controllingu - monitoring, reporting a benchmarking. Contro...

Full description

Saved in:
Bibliographic Details
Main Author: Čichovský, Ludvík
Format: Book Chapter
Language:Czech
Subjects:
Tags: Add Tag
No Tags, Be the first to tag this record!

MARC

LEADER 00000naa$a2200000$$$4500
001 0001681
005 20231004101212.7
041 0 |a cze 
044 |a CZ 
245 1 0 |a Jak využívat controlling v marketingu?  |c aut. Ludvík Čichovský 
520 |a Anglický a americký pojmový rozdiel medzi slovami "to manage" a "to controll". Päť typov definícii controllingu. Vzťah medzi controllingom a metódou BSC. Využitie a ciele controllingu v marketingovej praxi. Odborníci na controlling a metódy controllingu - monitoring, reporting a benchmarking. Controlling finančný a hodnotový. 
610 2 0 |a manažment 
610 2 0 |a marketing 
610 2 0 |a kontroling 
610 2 0 |a kontroling finančný 
610 2 0 |a pojmy 
610 2 0 |a definície 
610 2 0 |a benchmarking 
610 2 0 |a riadenie operatívne 
610 2 0 |a zákazníci 
100 1 |a Čichovský, Ludvík